000 00721nam a2200193 a 4500
003 0
005 20250407114014.0
008 071124s19uu xx 00 eng d
050 _aPHS QA 76.76.C672
_b.L38 2007
100 _aLatip, Raeyan R.
245 _aRelationship between attitude and academic performance of regular players of computer games /
_cRaeyan R. Latip.
260 _aLas PiƱas City, Philippines :
_bSouthville International School and Colleges,
_c2007.
300 _a37 pages :
_billustrations ;
_c28 cm.
504 _aIncludes bibliographical references.
650 _aComputer games
_xInfluence.
650 _aStudents
_xAttitudes.
650 _aStudents
_xEffect of video games on.
942 _2lcc
_cPASS
999 _c97847
_d97847